Documentos de civilización material y contactos en el Mediterráneo occidental durante la Edad de Hierro / por J. J. Jully
Descripción Física:
p. 63-96 : il. ; 27 cm
Colección:
Monografías ; 32
MARC
| LEADER | 00000nam a2200000Ia 4500 | ||
|---|---|---|---|
| 001 | 7773 | ||
| 008 | 160829s1968 xx 000 0 cat d | ||
| 080 | |a FU-21-20 | ||
| 100 | |a Jully, J. J. |9 24837 | ||
| 245 | |a Documentos de civilización material y contactos en el Mediterráneo occidental durante la Edad de Hierro / por J. J. Jully | ||
| 260 | |a Barcelona : |b Diputación de Barcelona. Instituto de Prehistoria y Arqueología, |c 1968 | ||
| 300 | |a p. 63-96 : |b il. ; |c 27 cm | ||
| 490 | |a Monografías ; 32 | ||
| 590 | |a Separata d'Ampurias ; 30 | ||
| 650 | |a Edat del ferro |x Mediterrània Occidental |9 24838 | ||
| 710 | 2 | |a Instituto de Prehistoria y Arqueología (Barcelona, Catalunya) |9 54255 | |
| 901 | |a Arxiu | ||
| 942 | |n 1 |2 udc | ||
| 952 | |0 0 |1 0 |4 0 |6 FU2120 |7 1 |9 43335 |a Arxiu |b Arxiu |d 2016-12-01 |l 0 |o FU-21-20 |p 7773 |r 2016-12-01 00:00:00 |w 2016-12-01 |y ARXIU | ||
| 999 | |c 45880 |d 45880 | ||